Geografía industrial del mundo (Registro nro. 5216)

Detalles MARC
000 -LEADER
fixed length control field 01261 a2200193 4500
001 - CONTROL NUMBER
control field 53361
005 - DATE AND TIME OF LATEST TRANSACTION
control field 20260407155808.0
008 - FIXED-LENGTH DATA ELEMENTS--GENERAL INFORMATION
fixed length control field 260407a1962 arg spa d
003 - CONTROL NUMBER IDENTIFIER
control field AR-UNSa-BCEJYS
040 ## - CATALOGING SOURCE
Original cataloging agency AR-UNSa-BCEJYS
Language of cataloging spa
Transcribing agency AR-UNSa-BCEJYS
080 ## - UNIVERSAL DECIMAL CLASSIFICATION NUMBER
Universal Decimal Classification number 330.342.22
Common auxiliary subdivision Economía en desarrollo. Economía en industrialización<br/>
100 1# - MAIN ENTRY--PERSONAL NAME
Personal name George, Pierre
245 10 - TITLE STATEMENT
Title Geografía industrial del mundo
264 #1 - PRODUCTION, PUBLICATION, DISTRIBUTION, MANUFACTURE, AND COPYRIGHT NOTICE
Place of production, publication, distribution, manufacture Buenos Aires :
Name of producer, publisher, distributor, manufacturer Universidad de Buenos Aires
Date of production, publication, distribution, manufacture, or copyright notice 1962
300 ## - PHYSICAL DESCRIPTION
Extent 123 p.
Dimensions 18 cm.
505 ## - FORMATTED CONTENTS NOTE
Formatted contents note Introducción: Fundamentos de una geografía industrial - Primera parte: Las industrias nordoccidentales de la Europa nordoccidental - I. La antigua industria inglesa y sus transformaciones - II. La industria alemana - III. La industria francesa y la industria belga - IV. La industria suiza,la austríaca y la italiana - Segunda parte: Los países nuevos,émulos de Europa - V. Estados Unidos,continente industrial - VI. La industria japonesa - VII. Nuevos países industriales - Tercera parte: Industrialización e industrias de la Unión Soviética y de las democracias populares - VIII. Las industrias de la Unión Soviética y la industrialización de las democracias populares
590 ## - LOCAL NOTE (RLIN)
Local note niveau_biblio:m niveau_hierar:0
942 ## - ADDED ENTRY ELEMENTS (KOHA)
Koha item type
Existencias
Withdrawn status Lost status Damaged status Not for loan Home library Current library Shelving location Date acquired Total checkouts Full call number Barcode Date last seen Price effective from Koha item type
        Biblioteca Prof. Eusebio Cleto del Rey Biblioteca Prof. Eusebio Cleto del Rey   07/04/2026   330.342.22 G346 L21585 07/04/2026 07/04/2026 Libro